000 00624nam a22001817a 4500
005 20240222143740.0
010 _aHIN-126940
020 _c400.00
_a9788191072679
035 _aHN-99286
037 _bDBAD/PUB
082 _a
100 _aझा,ज्योति
_962407
245 _aउजाले की दस्तक/
_cज्योति झा
260 _aजयपुर
_bमोनिका प्रकाशन
_c2021
270 _a85/175 प्रताप नगर
_bजयपुर
_e302033
300 _a178p;
_c22cm(सजिल्द)
942 _2ddc
_cEN
_h
_mझाज्योति
999 _c200989
_d200989